Estudios : filosofía, historia, letras : 13, verano de 1988 /
Contiene: 1. La estética de Tomás de Aquino en el pensamiento de Umberto Eco; 2. Carlos Fuentes: densidad moral y realidad social de México; 3. Cristianismo e historia: a propósito de Maravall; 4. Razones, voluntad y fragmentos de los valores; 5. La historia contemporánea desde la perspectiva centro...
Guardat en:
| Format: | Llibre |
|---|---|
| Idioma: | espanyol |
| Publicat: |
México :
Instituto Tecnológico Autónomo de México, Departamento Académico de Estudios Generales,
1988, c1988
|
| Matèries: | |
| Etiquetes: |
Sense etiquetes, Sigues el primer a etiquetar aquest registre!
|
MARC
| LEADER | 00000nam^a2200000^a^4500 | ||
|---|---|---|---|
| 001 | 000303715 | ||
| 005 | 20250619000000.0 | ||
| 005 | 20250619000000.0 | ||
| 009 | 20260310112655.6 | ||
| 022 | |a 0185-6383 | ||
| 037 | |a Acervo ITESO - Biblioteca | ||
| 041 | |a ESP | ||
| 082 | |a 105. |b EST V. 13 | ||
| 240 | 1 | 1 | |a [Estudios: filosofía, historia, letras] |
| 245 | 0 | 0 | |a Estudios : |b filosofía, historia, letras : 13, verano de 1988 / |c Dir. de J. Meza. |
| 264 | 4 | |a México : |b Instituto Tecnológico Autónomo de México, Departamento Académico de Estudios Generales, |c 1988, c1988 | |
| 300 | |a 147 p. | ||
| 336 | |a texto |b txt |2 rdacontenido | ||
| 337 | |a sin mediación |b n |2 rdamedio | ||
| 338 | |a volumen |b nc |2 rdasoporte | ||
| 520 | |a Contiene: 1. La estética de Tomás de Aquino en el pensamiento de Umberto Eco; 2. Carlos Fuentes: densidad moral y realidad social de México; 3. Cristianismo e historia: a propósito de Maravall; 4. Razones, voluntad y fragmentos de los valores; 5. La historia contemporánea desde la perspectiva centroeuropea; 6. Homenaje a Eduardo Nicol; 7. Isabelle Eberhardt o la metamorfosis consumada. | ||
| 649 | |a XX | ||
| 650 | |a Valores | ||
| 650 | |a Vitalismo | ||
| 650 | |a Memoria | ||
| 650 | |a Memoria y Olvido | ||
| 650 | |a Memoria en la Literatura | ||
| 650 | |a Novela Mexicana - |x Historia y Crítica | ||
| 650 | |a Literatura y Sociedad - |z México | ||
| 650 | |a Literatura de Mujeres - |z Francia - |x Historia y Crítica | ||
| 650 | |a Literatura Francesa - |y Siglo XIX | ||
| 650 | |a Literatura Francesa - |x Historia y Crítica | ||
| 650 | |a Literatura Mexicana - |y Siglo XX | ||
| 650 | |a Literatura Mexicana - |x Historia y Crítica | ||
| 650 | |a Libros - |x Reseñas | ||
| 650 | |a Modernidad y Posmodernidad | ||
| 650 | |a Europa Central - |x Historia - |y 1945-1989 | ||
| 650 | |a Europa Central - |x Historia - |y Siglo XX | ||
| 650 | |a Historia Universal | ||
| 650 | |a Axiología | ||
| 650 | |a Toma de Decisiones | ||
| 650 | |a Epistemología | ||
| 650 | |a Filosofía - |z México - |x Historia y Crítica | ||
| 650 | |a Filosofía del Siglo XX - |x Historia y Crítica | ||
| 650 | |a Literatura - |x Publicaciones Periódicas Mexicanas - |x Tema Principal | ||
| 650 | |a Historia - |x Publicaciones Periódicas Mexicanas - |x Tema Principal | ||
| 650 | |a Filosofía - |x Publicaciones Periódicas Mexicanas - |x Tema Principal | ||
| 650 | |a Publicaciones Periódicas Mexicanas | ||
| 650 | |a Aquino, Tomás de, Santo | ||
| 650 | |a Eco, Umberto | ||
| 650 | |a Fuentes, Carlos | ||
| 650 | |a Maravall, José Antonio | ||
| 650 | |a Nicol, Eduardo | ||
| 650 | |a Eberhardt, Isabelle | ||
| 650 | |a Ortega y Gasset, José | ||
| 650 | |a Gaos, José | ||
| 650 | |a Estética | ||
| 650 | |a Personalismo | ||
| 910 | |a Fondo General | ||
| 920 | |a Impresos - Libros | ||
| 930 | |a Colección General | ||
| 905 | |a 101 | ||
| 901 | |a 0500190000 |b IT1 |c ACC |d DT |i DGL |u 20250619 | ||
| 902 | |a https://opac.biblio.iteso.mx/vufind/Record/000303715 | ||